François Truffaut at work / (Record no. 353352)

000 -LEADER
fixed length control field 00871 a2200253 4500
003 - CONTROL NUMBER IDENTIFIER
control field OSt
005 - DATE AND TIME OF LATEST TRANSACTION
control field 20180116192402.0
008 - FIXED-LENGTH DATA ELEMENTS--GENERAL INFORMATION
fixed length control field 120703t xxu||||| |||| 00| 0 eng d
010 ## - LIBRARY OF CONGRESS CONTROL NUMBER
LC control number 2006283822
020 ## - INTERNATIONAL STANDARD BOOK NUMBER
International Standard Book Number 071484546- X
020 ## - INTERNATIONAL STANDARD BOOK NUMBER
International Standard Book Number 9780714845685
040 ## - CATALOGING SOURCE
Transcribing agency 0
082 ## - DEWEY DECIMAL CLASSIFICATION NUMBER
Classification number 791.430233092
100 1# - MAIN ENTRY--PERSONAL NAME
Personal name Le Berre, Carole.
9 (RLIN) 5458
245 10 - TITLE STATEMENT
Title François Truffaut at work /
Statement of responsibility, etc. Carole Le Berre ; [translated by Bill Krohn].
250 ## - EDITION STATEMENT
Edition statement English ed.
260 ## - PUBLICATION, DISTRIBUTION, ETC.
Place of publication, distribution, etc. London ;
-- New York :
Name of publisher, distributor, etc. Phaidon Press,
Date of publication, distribution, etc. c2005.
300 ## - PHYSICAL DESCRIPTION
Extent 319 p. :
Other physical details ill. (some col.) ;
Dimensions 29 cm.
600 10 - SUBJECT ADDED ENTRY--PERSONAL NAME
Personal name Truffaut, François
General subdivision Criticism and interpretation.
9 (RLIN) 5459
650 10 - SUBJECT ADDED ENTRY--TOPICAL TERM
Topical term or geographic name entry element Motion picture producers and directors
9 (RLIN) 5460
650 10 - SUBJECT ADDED ENTRY--TOPICAL TERM
Topical term or geographic name entry element Motion pictures
Geographic subdivision France
9 (RLIN) 5461
942 ## - ADDED ENTRY ELEMENTS (KOHA)
Institution code [OBSOLETE] SADA
Koha item type Book
Call number prefix 791.430233092 LEB 2005
Source of classification or shelving scheme
952 ## - LOCATION AND ITEM INFORMATION (KOHA)
-- BOOK
Holdings
Withdrawn status Lost status Source of classification or shelving scheme Damaged status Not for loan Permanent Location Current Location Date acquired Total Checkouts Full call number Barcode Date last seen Date last checked out Cost, replacement price Price effective from Koha item type
          School of Art Design and Architecture (SADA) School of Art Design and Architecture (SADA) 06/30/2011 1 791.430233092 LEB 2005 SADA0001521 04/13/2026 03/04/2026 3843.00 08/05/2011 Book
© 2023 Central Library, National University of Sciences and Technology. All Rights Reserved.